000 00479nam a22001457a 4500
020 _qHard Cover.
040 _cSINES-NUST.
082 _a004
_bHUS
100 _aNimrah Ghulam Hussain.
_992082
245 _aAnchored Fullerene Material for Lithiumion for Battery Application:
_bA New Insight
_cGhulam Hussain, Nimrah
260 _aIslamabad:
_bSINES-NUST,
_c2022.
300 _a66 p. :
_bill. ;
_c30cm.
650 _xMS-Computational Science Engineering.
_992083
942 _2ddc
_cTHE
999 _c590187
_d590187